00713cam a22002293a 450000100060000000300060000600500170001200800410002904000150007004200070008505000070009210000390009924501120013826000290025050600300027951600200030965300170032965300280034665300380037483000290041285600420044131779PGUSA20140828083704.0100325s2010||||xxu|||||s|||||000 | eng d aPGUSAbeng adc 4aBX1 aAshley, George T.q(George Thomas)10aFrom Bondage to Liberty in Religion :bA Spiritual Autobiographyh[electronic resource] /cGeorge T. Ashley bProject Gutenberg,c2010 aPublic domain in the USA. aElectronic text aUnitarianism aUnitarians -- Biography aAshley, George T. (George Thomas) 0aProject Gutenbergv3177940uhttp://www.gutenberg.org/ebooks/31779